Anadolu'da çoğulculuk ve tolerans (Record no. 8256)

MARC details
000 -BAŞLIK
Sabit Uzunlukta Kontrol Alanı 00753na a2200241 4500
001 - KONTROL NUMARASI
Denetim Alanı 23256
003 - KONTROL NUMARASI IDENTIFIER
Denetim Alanı MIRAKIL
005 - SON İŞLEM TARİHİ VE ZAMANI
Denetim Alanı 20181213155205.0
008 - SABİT-BOY VERİ ELEMANLARI - GENEL BİLGİLER
Sabit Uzunlukta Kontrol Alanı 181026b tu 000 0
020 ## - ULUSLARARASI STANDART KİTAP NUMARASI
Uluslararası Standart Kitap Numarası 9786053604303
040 ## - KATALOGLAMA KAYNAK
Orijinal Kataloglama Ajansı Milas
Kataloglama Dili tur
Metne Dönüştürmek Ajansı TR-AnCHP
041 ## - DİL KODU
Metin / Ses Parça Veya Ayrı Başlığın Dil Kodu tur
082 ## - DEWEY ONLU SINIFLANDIRMA NUMARASI
Sınıflandırma Numarası 306.0899435
Ürün Numarası K84a 2011
090 ## - SINIFLAMA NUMARASI
Sınıflama Numarası 306.0899435 K84a 2011
100 ## - ANA GİRİŞ - KİŞİSEL İSİM
Kişisel Ad Kula, Onur Bilge
245 ## - BAŞLIK TABLOSU
Başlık Anadolu'da çoğulculuk ve tolerans
Sorumluluk Tablosu, Vb Onur Bilge Kula
260 ## - YAYIN, DAĞITIM, VB
Yayın, Dağıtım, Vb Yeri İstanbul
Yayıncı, Dağıtıcı, Vs Adı Türkiye İş Bankası Kültür Yayınları
Yayın, Dağıtım, Vb Tarihi 2011
Üretici Firma Yaylacık matbaacılık
300 ## - FİZİKSEL TANIM
Kapsam 634 s.
Boyutlar 23 sm.
440 ## - SERİSİ TABLOSU / KATMA GİRİŞİ - BAŞLIK
Başlık Türkiye İş Bankası Kültür Yayınları
Hacim / Ardışık Tanımı 2386
504 ## - KAYNAKÇA VB NOT
Kaynakça Vb Notu Kaynakça ve dizin var.
650 ## - KONU KATMA GİRİŞ - TOPİKAL DÖNEM
Topikal Süreli Veya Coğrafi Ad Giriş Elemanı Kültürel çoğulculuk
Genel Alt Bölümü Türkiye
942 ## - EKLENDİ GİRİŞ ELEMANLARI (KOHA)
Sınıflandırma Veya Raf Düzeni Kaynak
Koha Öğesi Türü Books
999 ## - SİSTEM KONTROL NUMARALARI (KOHA)
Koha Biblionumber 8256
Koha Biblioitemnumber 8256
Holdings
Kalıcı Konum Mevcut Konum Edinme Tarihi Edinim Kaynak Toplam Check-Out'Lar Tam Çağrı Numarası Barkod Tarih Son Görülme İtibaren Geçerli Fiyatlar Koha Öğesi Türü
CHP Kütüphanesi CHP Kütüphanesi 08/18/2017 Bağış   306.0899435 K84a 2011 017241 08/18/2017 08/18/2017 Books
CHP Kütüphanesi CHP Kütüphanesi 11/29/2022     306.0899435 K84a 2011 020631 11/29/2022 11/29/2022 Books